| 000 | 00827nam a2200241 i 4500 | ||
|---|---|---|---|
| 001 | 92573 | ||
| 003 | ES-MaACL | ||
| 005 | 20231215063515.0 | ||
| 007 | t| | ||
| 008 | 050401s2001 sp |||| | spa d | ||
| 020 | _a84-95437-08-2 | ||
| 080 | _a821.134.2-4"19" | ||
| 100 | 1 |
_aMoa, Pío _d1948- _9226432 |
|
| 245 | 1 | 3 |
_aLa sociedad homosexual _b: y otros ensayos / _cPío Moa. |
| 260 |
_aMadrid : _bCriterio Libros, _c2001. |
||
| 300 |
_a321 p. ; _c20 cm. |
||
| 500 | _aÍndice onomástico. | ||
| 505 | 8 |
_aContiene: ; _tLa significación del Ateneo de Madrid (p. 143-164) |
|
| 594 | _aReúne ensayos publicados en las revistas Tanteos y Ayeres, del Ateneo de Madrid, entre 1984 y 2001. | ||
| 651 | 4 |
_aEspaña- _xPolítica y gobierno- _y1975- _9159606 |
|
| 852 |
_aES-MaACL _jE-10905 |
||
| 999 |
_c92573 _d92573 |
||